000 00361nam a2200157Ia 4500
008 220612s9999 xx 000 0 und d
020 _a8173414858
082 _bSEN
100 _aSEN, AMRITA
245 0 _aADHYAPAK SHIKSHA
260 _bINDIAN PUBLISHERS DISTRIBUTORS, DELHI
_c2013
300 _a232
650 _aEducation
942 _cBK
999 _c7864
_d7864
041 _aHINDI